000
00282nam a2200109Ia 4500
008
220216s9999 xx 000 0 und d
100
_a
Trivisonno Nicholas M
245
2
_a
A Review of radiation tire thermography. II
260
_b
Elastomerics
_c
1992
300
_a
26-31
942
_c
JS
999
_c
53561
_d
53561